Planning appeals & deemed refusal (Record no. 83071)
[ view plain ]
| 000 -LEADER | |
|---|---|
| fixed length control field | 01228cad a22002175a 4500 |
| 001 - CONTROL NUMBER | |
| control field | E152720 |
| 008 - FIXED-LENGTH DATA ELEMENTS--GENERAL INFORMATION | |
| fixed length control field | 110418e20090407xxk 000 0 eng d |
| 035 ## - SYSTEM CONTROL NUMBER | |
| System control number | (Sirsi) u152720 |
| 041 0# - LANGUAGE CODE | |
| Language code of text/sound track or separate title | eng |
| 100 1# - MAIN ENTRY--PERSONAL NAME | |
| Personal name | Shaw, Murray |
| 245 00 - TITLE STATEMENT | |
| Title | Planning appeals & deemed refusal |
| Remainder of title | a surprising decision? |
| Medium | [electronic resource] |
| 260 ## - PUBLICATION, DISTRIBUTION, ETC. | |
| Date of publication, distribution, etc. | 2009 |
| 490 ## - SERIES STATEMENT | |
| Series statement | Biggart Baillie Ideas and Insights |
| Volume/sequential designation | 7 April 2009 |
| 520 ## - SUMMARY, ETC. | |
| Summary, etc. | Discusses the decision in the case Vattenfall Wind Power Ltd v Scottish Ministers, in which the Court took the view that the right to appeal on the grounds of non-determination lasted for six months from the date upon which the statutory period for the planning authority to make a decision expired, whether or not the planning authority and the applicant had reached any other agreement. |
| 590 ## - LOCAL NOTE (RLIN) | |
| Local note | KA |
| 650 24 - SUBJECT ADDED ENTRY--TOPICAL TERM | |
| Topical term or geographic name entry element | VATTENFALL WIND POWER LIMITED V SCOTTISH MINISTERS |
| 651 #4 - SUBJECT ADDED ENTRY--GEOGRAPHIC NAME | |
| Geographic name | Scotland |
| Chronological subdivision | 1999- |
| 690 ## - LOCAL SUBJECT ADDED ENTRY--TOPICAL TERM (OCLC, RLIN) | |
| Topical term or geographic name as entry element | ENVIRONMENTAL AND LAND CONSULTANCY-PLANNING AND DEVELOPMENT |
| 856 40 - ELECTRONIC LOCATION AND ACCESS | |
| Uniform Resource Identifier | <a href="https://www.biggartbaillie.co.uk/ideas--insights/all-articles/planning--construction/planning-appeals--deemed-refusal-?-a-surprising-decision">https://www.biggartbaillie.co.uk/ideas--insights/all-articles/planning--construction/planning-appeals--deemed-refusal-?-a-surprising-decision</a> |
| Public note | View the article free of charge at www.biggartbaillie.co.uk |
| 942 ## - ADDED ENTRY ELEMENTS (KOHA) | |
| Suppress in OPAC | 0 |
| Withdrawn status | Lost status | Source of classification or shelving scheme | Damaged status | Not for loan | Home library | Current library | Shelving location | Date acquired | Total Checkouts | Full call number | Barcode | Date last seen | Copy number | Price effective from | Koha item type |
|---|---|---|---|---|---|---|---|---|---|---|---|---|---|---|---|
| Dewey Decimal Classification | Virtual | Virtual | Online | 18/04/2011 | ONLINE PUBLICATION | 152720-1001 | 06/08/2019 | 1 | 06/08/2019 | Journal article |